|
|
|
|
| LEADER |
01711nam a2200409Ia 4500 |
| 001 |
EBC3414936 |
| 003 |
MiAaPQ |
| 005 |
20200520144314.0 |
| 006 |
m o d | |
| 007 |
cr cn||||||||| |
| 008 |
980527s1998 miua sb 001 0 engo |
| 010 |
|
|
|z 98008341
|
| 020 |
|
|
|z 0472066765 (pbk. : alk. paper)
|
| 020 |
|
|
|z 0472096761
|
| 020 |
|
|
|z 9780472066766
|
| 035 |
|
|
|a (MiAaPQ)EBC3414936
|
| 035 |
|
|
|a (Au-PeEL)EBL3414936
|
| 035 |
|
|
|a (CaPaEBR)ebr10412516
|
| 035 |
|
|
|a (CaONFJC)MIL276103
|
| 035 |
|
|
|a (OCoLC)824101602
|
| 040 |
|
|
|a MiAaPQ
|c MiAaPQ
|d MiAaPQ
|
| 050 |
|
4 |
|a HD1493.R92
|b B274 1998
|
| 082 |
0 |
4 |
|a 338.7/63/09575
|2 21
|
| 100 |
1 |
|
|a Humphrey, Caroline.
|
| 245 |
1 |
0 |
|a Marx went away--but Karl stayed behind
|h [electronic resource] /
|c Caroline Humphrey.
|
| 260 |
|
|
|a Ann Arbor :
|b University of Michigan Press,
|c c1998.
|
| 300 |
|
|
|a xxxiv, 599 p. :
|b ill.
|
| 500 |
|
|
|a Updated ed of: Karl Marx collective. Cambridge, New York : Cambridge University Press; Paris, Editions de la Maison des Sciences de l'Homme, 1983.
|
| 504 |
|
|
|a Includes bibliographical references (p. 506-565) and index.
|
| 533 |
|
|
|a Electronic reproduction. Ann Arbor, MI : ProQuest, 2015. Available via World Wide Web. Access may be limited to ProQuest affiliated libraries.
|
| 650 |
|
0 |
|a State farms
|z Russia (Federation)
|z Barguzinskii raion
|v Case studies.
|
| 651 |
|
0 |
|a Barguzinskii raion (Russia)
|x Rural conditions.
|
| 651 |
|
0 |
|a Russia (Federation)
|x Economic conditions
|y 1991-
|
| 655 |
|
4 |
|a Electronic books.
|
| 700 |
1 |
|
|a Humphrey, Caroline.
|t Karl Marx collective.
|
| 710 |
2 |
|
|a ProQuest (Firm)
|
| 856 |
4 |
0 |
|u https://ebookcentral.proquest.com/lib/matrademy/detail.action?docID=3414936
|z Click to View
|